000 00531nam a2200169Ia 4500
005 20250508151129.0
008 008 250505s9999 xx 000 0 hin d
037 _aTextual
040 _aFEDL
_beng
_cFEDL
041 _ahin
_2eng
084 _aB, GAN
_qFEDL
245 0 _aMerey sumkaleen: Apne samay ke rajneetygo tatha samanya lok sevako ke Mahatma Gandhi dwara likhit sansmaran
260 _aNew Delhi, India
_bSasta Sahitya Mandal
_c1951
300 _a643p.
942 _cTEXL
_hB, GAN
999 _c1327773
_d1327773